ARRUPE JESUIT UNIVERSITY

CORONAVIRUS -STOP THE SPREAD - CLEAN,DISINFECT,COVER

La Mère de Dieu dans l'Eglise orthodoxe / (Record no. 127494)

MARC details
000 -LEADER
fixed length control field 01022cam a2200277 a 4500
001 - CONTROL NUMBER
control field 2952642
003 - CONTROL NUMBER IDENTIFIER
control field ARRUPE
005 - DATE AND TIME OF LATEST TRANSACTION
control field 20180125120732.0
008 - FIXED-LENGTH DATA ELEMENTS--GENERAL INFORMATION
fixed length control field 901001s1990 fr a b 000 0dfre
010 ## - LIBRARY OF CONGRESS CONTROL NUMBER
LC control number 90200097
020 ## - INTERNATIONAL STANDARD BOOK NUMBER
International Standard Book Number 220404010X
040 ## - CATALOGING SOURCE
Original cataloging agency DLC
Transcribing agency DLC
Modifying agency DLC
050 00 - LIBRARY OF CONGRESS CALL NUMBER
Classification number BT613
Item number .K56 1990
082 00 - DEWEY DECIMAL CLASSIFICATION NUMBER
Classification number 232.91/08/8219
Edition number 20
300 ## - PHYSICAL DESCRIPTION
Other physical details ill. ;
Dimensions 24 cm.
100 1# - MAIN ENTRY--PERSONAL NAME
Personal name Kniazeff, Alexis,
Dates associated with a name 1913-1991.
9 (RLIN) 38871
245 13 - TITLE STATEMENT
Title La Mère de Dieu dans l'Eglise orthodoxe /
Statement of responsibility, etc Alexis Kniazeff.
260 ## - PUBLICATION, DISTRIBUTION, ETC. (IMPRINT)
Place of publication, distribution, etc Paris :
Name of publisher, distributor, etc Editions du Cerf,
Date of publication, distribution, etc 1990.
300 ## - PHYSICAL DESCRIPTION
Extent 223 p. :
440 #0 - SERIES STATEMENT/ADDED ENTRY--TITLE
Title Théologies,
International Standard Serial Number 0761-4330
9 (RLIN) 38866
504 ## - BIBLIOGRAPHY, ETC. NOTE
Bibliography, etc Includes bibliographical references (p. [9]-11).
600 00 - SUBJECT ADDED ENTRY--PERSONAL NAME
Personal name Mary,
Titles and other words associated with a name Blessed Virgin, Saint
General subdivision Theology.
9 (RLIN) 1116
610 20 - SUBJECT ADDED ENTRY--CORPORATE NAME
Corporate name or jurisdiction name as entry element Orthodox Eastern Church
General subdivision Doctrines.
9 (RLIN) 16511
906 ## - LOCAL DATA ELEMENT F, LDF (RLIN)
a 7
b cbc
c orignew
d 3
e ncip
f 19
g y-gencatlg
942 ## - ADDED ENTRY ELEMENTS (KOHA)
Source of classification or shelving scheme Library of Congress Classification
Koha item type Monograph ( Printed materials)
Holdings
Withdrawn status Lost status Source of classification or shelving scheme Damaged status Not for loan Collection code Home library Current library Shelving location Date acquired Total Checkouts Full call number Barcode Date last seen Price effective from Koha item type
    Library of Congress Classification     Main Collection ARRUPE LIBRARY ARRUPE LIBRARY Main Collection 25/01/2018   BT613 .K56 1990 46600000920 25/01/2018 25/01/2018 Monograph ( Printed materials)

 

Arrupe Library. PO Box MP320 Mt Pleasant, Harare, Zimbabwe
263 242 745411|librarian@aju.ac.zw